[Event "SF Gerresheim 1 - SC Siegburg 1"]
[Site "Oberliga NRW 2018/2019"]
[Date "2019.05.12"]
[Round "9.6"]
[White "Yilmaz, Ahmet"]
[Black "Varitski, Igor"]
[Result "1/2-1/2"]
[WhiteElo "1841"]
[BlackElo "2181"]
[PlyCount "119"]
[EventDate "2019.??.??"]
[WhiteTeam "SF Gerresheim 1"]
[BlackTeam "SC Siegburg 1"]

1. e4 c6 2. d3 d5 3. Nd2 e5 4. Ngf3 Bd6 5. d4 exd4 6. Bd3 dxe4 7. Nxe4 Bb4+ 8.
c3 dxc3 9. O-O Be7 10. Re1 Nf6 11. Nxf6+ gxf6 12. bxc3 c5 13. Bh6 Nc6 14. Qc2
Qd5 15. Be4 Qc4 16. Bg7 Rg8 17. Bxf6 Be6 18. Bxc6+ bxc6 19. Bxe7 Kxe7 20. Ne5
Qh4 21. Rad1 Kf8 22. g3 Qh5 23. Qd2 Kg7 24. Nxc6 Bg4 25. Rb1 Rge8 26. Qf4 Qf5
27. Qxf5 Bxf5 28. Rbd1 Be4 29. Na5 Bf3 30. Rb1 Rad8 31. Nc4 Rxe1+ 32. Rxe1 Rd3
33. Ne5 Rxc3 34. Nxf3 Rxf3 35. Re5 Rc3 36. Re7 Ra3 37. Rc7 Ra5 38. Kg2 Kf6 39.
h4 h5 40. Kf3 Ke6 41. Ke4 Ra4+ 42. Kd3 Rxa2 43. Rxc5 Rxf2 44. Ke3 Ra2 45. Rxh5
f5 46. Rh8 Ra3+ 47. Kf4 Ra4+ 48. Kf3 a5 49. h5 Kf6 50. h6 Kg6 51. h7 Ra1 52.
Kg2 a4 53. Rf8 Kxh7 54. Rxf5 a3 55. Ra5 Kg6 56. Kf2 Kf6 57. Kg2 Ke6 58. g4 Kf6
59. Kh2 Kg6 60. Kg2 1/2-1/2

[Event "SF Gerresheim 1 - SC Siegburg 1"]
[Site "Oberliga NRW 2018/2019"]
[Date "2019.05.12"]
[Round "9.7"]
[White "Breest, Axel"]
[Black "Angermuende, Dirk"]
[Result "0-1"]
[WhiteElo "1961"]
[BlackElo "1940"]
[PlyCount "48"]
[EventDate "2019.??.??"]
[WhiteTeam "SC Siegburg 1"]
[BlackTeam "SF Gerresheim 1"]

1. e4 e6 2. d4 d5 3. Nc3 Nf6 4. e5 Nfd7 5. Qg4 c5 6. Be3 cxd4 7. Bxd4 Nc6 8.
Nf3 a6 9. O-O-O Qc7 10. Qg3 b5 11. Bxb5 axb5 12. Nxb5 Qb8 13. Nd6+ Bxd6 14.
exd6 Nxd4 15. Rxd4 Rxa2 16. b3 Ra1+ 17. Kb2 Rxh1 18. Qxg7 Rf8 19. Qg3 Qb6 20.
Qf4 Nc5 21. Ng5 Qa7 22. Kc3 Qa5+ 23. Rb4 Qa1+ 24. Kd2 Qe1# 0-1

[Event "SF Gerresheim 1 - SC Siegburg 1"]
[Site "Oberliga NRW 2018/2019"]
[Date "2019.05.12"]
[Round "9.8"]
[White "Imhoff, Ralf"]
[Black "Steffens, Klaus"]
[Result "1/2-1/2"]
[WhiteElo "1841"]
[BlackElo "1845"]
[Annotator "Daniel"]
[PlyCount "91"]
[EventDate "2019.??.??"]
[WhiteTeam "SF Gerresheim 1"]
[BlackTeam "SC Siegburg 1"]

1. d4 Nf6 2. c4 e6 3. Nc3 Bb4 4. Nf3 O-O 5. Bg5 d5 6. e3 b6 7. cxd5 exd5 8. Bd3
h6 9. Bh4 Bb7 10. O-O Be7 11. Rc1 Nbd7 12. Bb1 Ne4 13. Bxe7 Qxe7 14. Qd3 c5 15.
Rfe1 Rfd8 16. Ne2 Rac8 $11 17. Ng3 g6 18. Qe2 Nf8 19. Ne5 Ne6 20. Rcd1 Kg7 21.
Qg4 Qg5 22. Qxg5 N6xg5 23. Ne2 Ne6 24. a3 f6 25. Nd3 c4 26. Ndf4 Nf8 27. f3 Nd6
28. Nc3 Nf7 29. h4 Bc6 30. Kf2 b5 31. Rh1 a5 32. Rh3 b4 33. Nce2 Rd6 34. Rg3 g5
35. Nh3 Ng6 36. Bxg6 Kxg6 37. Nef4+ Kh7 38. hxg5 fxg5 39. Ne2 Ba4 40. Rh1 Rg8
41. Ke1 bxa3 42. bxa3 Rb6 43. Nc3 Bc6 44. f4 gxf4 45. Rxg8 Kxg8 46. Nxf4
1/2-1/2

[Event "SK Münster 1 - SV Erkenschwick 1"]
[Site "Oberliga NRW 2018/2019"]
[Date "2019.05.12"]
[Round "9.1"]
[White "Jens, Jelmer"]
[Black "Webb, Laurence"]
[Result "1/2-1/2"]
[WhiteElo "2365"]
[BlackElo "2281"]
[PlyCount "105"]
[EventDate "2019.??.??"]
[WhiteTeam "SV Erkenschwick 1"]
[BlackTeam "SK Münster 1"]

1. e4 c6 2. Nc3 d5 3. Nf3 Bg4 4. h3 Bxf3 5. Qxf3 e6 6. g3 Nf6 7. Bg2 dxe4 8.
Nxe4 Nxe4 9. Qxe4 Qd5 10. O-O Qxe4 11. Bxe4 Nd7 12. d4 O-O-O 13. Bg2 Be7 14. c3
Bf6 15. Re1 Rhe8 16. Kf1 Nb6 17. Bf4 Nd5 18. Bd2 Nb6 19. Rad1 e5 20. dxe5 Rxe5
21. Bf3 Rxe1+ 22. Kxe1 Nc4 23. Bc1 Rxd1+ 24. Bxd1 Kd7 25. Ke2 Kd6 26. Kd3 b5
27. f4 c5 28. a4 a6 29. axb5 axb5 30. Bb3 Kd5 31. Ba2 Be7 32. g4 g6 33. Bb3 f5
34. g5 Bd8 35. Ba2 Bc7 36. h4 Bd8 37. Bb3 Be7 38. Ba2 Bd8 39. Bd2 Be7 40. Be3
Bf8 41. Bc1 Be7 42. b3 Nd6 43. c4+ bxc4+ 44. bxc4+ Ke6 45. Bb3 Ne8 46. Ba4 Nc7
47. Bc6 Bd6 48. Ke3 Ke7 49. Kf3 Ne6 50. Bd5 Nd4+ 51. Kf2 Ne6 52. Kg3 Nd4 53.
Kf2 1/2-1/2

[Event "SK Münster 1 - SV Erkenschwick 1"]
[Site "Oberliga NRW 2018/2019"]
[Date "2019.05.12"]
[Round "9.2"]
[White "Holtel, Jasper"]
[Black "Ris, Robert"]
[Result "0-1"]
[WhiteElo "2206"]
[BlackElo "2436"]
[PlyCount "120"]
[EventDate "2019.??.??"]
[WhiteTeam "SK Münster 1"]
[BlackTeam "SV Erkenschwick 1"]

1. e4 c5 2. Nf3 Nc6 3. Bb5 g6 4. Bxc6 dxc6 5. d3 Bg7 6. h3 Nf6 7. Nc3 Nd7 8.
Be3 e5 9. Qd2 h6 10. O-O b6 11. Nh2 Nf8 12. f4 exf4 13. Bxf4 Ne6 14. Bg3 Qg5
15. Qe1 Nd4 16. Qf2 O-O 17. Nf3 Qd8 18. Rae1 f5 19. e5 Be6 20. Nxd4 Qxd4 21.
Qxd4 cxd4 22. Ne2 Rad8 23. Nf4 Kf7 24. Nxe6 Kxe6 25. Re2 g5 26. Bh2 Rd5 27.
Rfe1 f4 28. Re4 Rf5 29. Kf2 Rdxe5 30. Kf3 h5 31. Bg1 c5 32. b4 Rxe4 33. Rxe4+
Re5 34. bxc5 bxc5 35. Bf2 Kf5 36. Rxe5+ Bxe5 37. Be1 g4+ 38. hxg4+ hxg4+ 39.
Kf2 Ke6 40. Ba5 Kd7 41. Ke2 Bc7 42. Be1 Kc6 43. a4 Kd5 44. Bd2 c4 45. dxc4+
Kxc4 46. Be1 a5 47. Bd2 d3+ 48. cxd3+ Kb3 49. d4 Kxa4 50. d5 Kb5 51. Kd3 a4 52.
Ke4 a3 53. Bc1 a2 54. Bb2 Kc4 55. Bg7 f3 56. gxf3 gxf3 57. d6 Bxd6 58. Kxf3 Kd5
59. Ba1 Be5 60. Bxe5 Kxe5 0-1

[Event "SK Münster 1 - SV Erkenschwick 1"]
[Site "Oberliga NRW 2018/2019"]
[Date "2019.05.12"]
[Round "9.3"]
[White "De Vreugt, Dennis"]
[Black "Wolter, Kai"]
[Result "0-1"]
[WhiteElo "2382"]
[BlackElo "2253"]
[Annotator "Daniel"]
[PlyCount "100"]
[EventDate "2019.??.??"]
[WhiteTeam "SV Erkenschwick 1"]
[BlackTeam "SK Münster 1"]

1. e4 c5 2. Nc3 Nc6 3. g3 g6 4. Bg2 Bg7 5. Nge2 d6 6. O-O e5 7. d3 Nge7 8. Be3
O-O 9. Qd2 Be6 10. f4 Nd4 11. Nd1 Qd7 12. Nc1 exf4 13. gxf4 f5 14. c3 Ndc6 15.
Ne2 b6 16. Bf2 d5 17. e5 d4 18. c4 Bh6 19. Bh4 Nxe5 20. Bxa8 Rxa8 21. Ng3 Re8
22. b3 N7c6 23. h3 Nb4 24. Nb2 Qc6 25. a3 Na6 26. Qg2 Qxg2+ 27. Kxg2 Nc6 28.
Rae1 Na5 29. Re2 Nxb3 30. Rfe1 Kf7 31. Kf3 Bf8 32. Nf1 Bd7 33. Rxe8 Bxe8 34.
Rb1 Nc7 35. Be1 $11 Bc6+ 36. Ke2 Ne6 37. Kd1 Bd6 38. Kc2 Na5 39. Bxa5 bxa5 40.
Nd2 Nxf4 41. Nb3 Nxh3 42. Nxa5 Bg2 43. Na4 h5 44. Nb7 Be7 45. Nbxc5 Nf4 46. Nd7
Nxd3 47. Kxd3 Be4+ 48. Kxd4 Bxb1 49. Ne5+ Kf6 50. c5 Be4 0-1

[Event "SK Münster 1 - SV Erkenschwick 1"]
[Site "Oberliga NRW 2018/2019"]
[Date "2019.05.12"]
[Round "9.4"]
[White "Wilde, Pierre"]
[Black "Erwich, Frank"]
[Result "1/2-1/2"]
[WhiteElo "2196"]
[BlackElo "2354"]
[PlyCount "106"]
[EventDate "2019.??.??"]
[WhiteTeam "SK Münster 1"]
[BlackTeam "SV Erkenschwick 1"]

1. c4 Nf6 2. g3 e6 3. Bg2 d5 4. Nf3 Be7 5. O-O O-O 6. d4 dxc4 7. Qc2 a6 8. Qxc4
b5 9. Qc2 Bb7 10. Bg5 Nbd7 11. Nbd2 c5 12. dxc5 Nxc5 13. Bxf6 gxf6 14. Rfd1 Qb6
15. Rac1 Rac8 16. Qb1 f5 17. b3 Bf6 18. Ne1 Rfd8 19. Bxb7 Qxb7 20. Ng2 a5 21.
Rc2 Ne4 22. Rxc8 Rxc8 23. Nxe4 Qxe4 24. Qxe4 fxe4 25. Ne1 a4 26. f3 Bc3 27.
bxa4 bxa4 28. fxe4 Bxe1 29. Rxe1 Rc2 30. Kf2 Rxa2 31. Rb1 Kg7 32. Rb7 a3 33.
Ra7 Ra1 34. Ke3 Kf6 35. Ra5 e5 36. Ra7 Ke6 37. Ra4 Ke7 38. Ra7+ Kf6 39. Ra5 a2
40. Ra6+ Ke7 41. Kf2 Kd7 42. Ke3 Kc7 43. Ra3 Kb6 44. Ra8 h5 45. Ra3 Kc6 46.
Ra6+ Kd7 47. Kf2 Ke7 48. Kg2 Kf8 49. Ra7 Kg7 50. Ra6 f6 51. Ra8 Kf7 52. Ra7+
Kg6 53. Ra8 Kg7 1/2-1/2

[Event "SK Münster 1 - SV Erkenschwick 1"]
[Site "Oberliga NRW 2018/2019"]
[Date "2019.05.12"]
[Round "9.5"]
[White "Van Beek, Alexander"]
[Black "Muschik, Benedikt"]
[Result "0-1"]
[WhiteElo "2256"]
[BlackElo "2213"]
[Annotator "Daniel"]
[PlyCount "125"]
[EventDate "2019.??.??"]
[WhiteTeam "SV Erkenschwick 1"]
[BlackTeam "SK Münster 1"]

1. e4 g6 2. d4 Bg7 3. Nc3 d6 4. f4 a6 5. Nf3 b5 6. Bd3 Nd7 7. Be3 Bb7 8. e5 Nh6
9. Qe2 e6 10. Be4 Qc8 11. Bf2 d5 12. Bd3 c5 13. dxc5 Nxc5 14. a3 O-O 15. O-O
Qc7 16. Nd4 Rae8 17. g4 f6 18. exf6 Rxf6 19. Ndxb5 axb5 20. Bxb5 Ref8 21. g5
Rxf4 22. Bg3 Rxf1+ 23. Rxf1 Rxf1+ 24. Qxf1 Qb6 25. gxh6 Ne4+ 26. Kg2 d4 27.
Nxe4 Bxe4+ 28. Kg1 d3+ 29. Bf2 Qxb5 30. hxg7 Qg5+ 31. Bg3 Qe3+ 32. Bf2 Qg5+ 33.
Bg3 Qe3+ 34. Bf2 Qf3 35. Be1 Qh1+ 36. Kf2 Qxh2+ 37. Ke3 Bf5 38. cxd3 Qxb2 39.
Bb4 Kxg7 40. d4 Qb3+ 41. Kf2 Qb2+ 42. Ke3 Qb3+ 43. Kf2 Qd5 44. Bc5 g5 45. Qe2
Be4 46. Qh5 Qf5+ 47. Ke2 Bc6 48. Kd2 Bb5 49. Qh2 Kg6 50. Qb8 Qd3+ 51. Kc1 Qc3+
52. Kd1 Qa1+ 53. Kc2 Ba4+ 54. Kd2 Qd1+ 55. Ke3 Qc1+ 56. Kf2 Qd2+ 57. Kf1 Kh5
58. Qb7 Qd3+ 59. Kf2 Qd2+ 60. Kf1 Qf4+ 61. Ke2 Qg4+ 62. Kf2 Kg6 63. Qb1+ {
Rest unleserlich!} 0-1

[Event "SK Münster 1 - SV Erkenschwick 1"]
[Site "Oberliga NRW 2018/2019"]
[Date "2019.05.12"]
[Round "9.6"]
[White "Chilla, Jan Eric"]
[Black "Langers, Alexander"]
[Result "0-1"]
[WhiteElo "2207"]
[BlackElo "2206"]
[PlyCount "82"]
[EventDate "2019.??.??"]
[WhiteTeam "SK Münster 1"]
[BlackTeam "SV Erkenschwick 1"]

1. Nf3 d5 2. c4 e6 3. b3 Nf6 4. g3 Be7 5. Bg2 O-O 6. O-O c5 7. e3 Nc6 8. Bb2 b6
9. Nc3 Ba6 10. d3 dxc4 11. bxc4 Rc8 12. Qe2 Qd7 13. Rad1 Rfd8 14. Ne1 Bb7 15.
f4 Nb4 16. a3 Bxg2 17. Nxg2 Nc6 18. g4 a6 19. g5 Ne8 20. Ne4 b5 21. cxb5 axb5
22. Qg4 Qd5 23. f5 exf5 24. Rxf5 Qb3 25. Bxg7 Nxg7 26. Nf6+ Kh8 27. Rff1 Bxf6
28. gxf6 Ne6 29. Qh5 Rg8 30. Rd2 Rg6 31. Kh1 Rf8 32. Nh4 Rg5 33. Qh6 Ne5 34. h3
Nxd3 35. Nf5 Qd5+ 36. Kh2 Rxf5 37. Rg1 Qe5+ 38. Rg3 Rxf6 39. Qh4 Rg8 40. Rxd3
Rxg3 41. Qxg3 Rf2+ 0-1

[Event "SK Münster 1 - SV Erkenschwick 1"]
[Site "Oberliga NRW 2018/2019"]
[Date "2019.05.12"]
[Round "9.7"]
[White "Homs, Guust"]
[Black "Kamp, Christoph"]
[Result "1/2-1/2"]
[WhiteElo "2186"]
[BlackElo "2235"]
[PlyCount "101"]
[EventDate "2019.??.??"]
[WhiteTeam "SV Erkenschwick 1"]
[BlackTeam "SK Münster 1"]

1. e4 e6 2. d4 d5 3. Nc3 Bb4 4. Nge2 dxe4 5. a3 Bxc3+ 6. Nxc3 Nc6 7. Bb5 Nge7
8. Bg5 f6 9. Be3 O-O 10. Qd2 f5 11. O-O-O Nd5 12. Nxd5 Qxd5 13. Bxc6 Qa2 14.
Qc3 bxc6 15. Bf4 Rb8 16. Bxc7 Rb7 17. Bd6 Rd8 18. Bc5 Qa1+ 19. Kd2 Qxb2 20.
Qxb2 Rxb2 21. Bxa7 Rb7 22. Bc5 e5 23. Ke3 Rbd7 24. Rd2 Ba6 25. Rhd1 Kf7 26. a4
Ke6 27. Bb6 Rb8 28. a5 Rd5 29. dxe5 Rb7 30. Rxd5 cxd5 31. Kd4 Rb8 32. Rb1 Bc4
33. Rb4 f4 34. Bc5 Rxb4 35. Bxb4 g5 36. Bd2 Kf5 37. g3 h5 38. gxf4 gxf4 39. e6
Kxe6 40. Bxf4 Kf5 41. Bc7 Kg4 42. Ke3 Kf5 43. h3 Ke6 44. Kd4 Kd7 45. Bf4 Kc6
46. Bg5 Bf1 47. h4 Ba6 48. Bd8 Bc4 49. Bb6 Ba6 50. Ke5 Bc4 51. Kd4 1/2-1/2

[Event "SK Münster 1 - SV Erkenschwick 1"]
[Site "Oberliga NRW 2018/2019"]
[Date "2019.05.12"]
[Round "9.8"]
[White "Rott, Georg"]
[Black "Strozewski, Frank"]
[Result "0-1"]
[WhiteElo "2125"]
[BlackElo "1925"]
[PlyCount "96"]
[EventDate "2019.??.??"]
[WhiteTeam "SK Münster 1"]
[BlackTeam "SV Erkenschwick 1"]

1. e4 d6 2. d4 g6 3. Nc3 Bg7 4. f4 Nc6 5. Be3 a6 6. Qd2 b5 7. Nf3 e6 8. a4 b4
9. Na2 a5 10. Bb5 Bd7 11. c3 Nf6 12. Qc2 b3 13. Qxb3 Nxe4 14. d5 exd5 15. Qxd5
Nf6 16. Qc4 Ne7 17. Bxd7+ Qxd7 18. O-O O-O 19. Kh1 Nf5 20. Bg1 Rab8 21. b4 Rfe8
22. b5 Re4 23. Nd4 Rbe8 24. Nc1 Nh5 25. Rf3 Nh4 26. Rf2 Nf5 27. Rf3 Nxf4 28. g3
Ne6 29. Ncb3 Nexd4 30. cxd4 d5 31. Qc3 Qe7 32. Raf1 h5 33. Rf4 Qa3 34. Ra1 Qd6
35. Raf1 h4 36. Qf3 hxg3 37. hxg3 Bh6 38. Rxf5 gxf5 39. Nc5 Re1 40. Rxe1 Rxe1
41. Kg2 Bg7 42. Bf2 Ra1 43. Qxf5 Ra2 44. Qc8+ Qf8 45. Qg4 Qe8 46. Qg5 Qe2 47.
Qd8+ Kh7 48. Qh4+ Kg6 0-1

[Event "SG Porz 1 - SV Wattenscheid 1"]
[Site "Oberliga NRW 2018/2019"]
[Date "2019.05.12"]
[Round "9"]
[White "Schiffer, Kai-Uwe"]
[Black "Van Den Doel, Erik"]
[Result "0-1"]
[WhiteElo "2298"]
[BlackElo "2602"]
[PlyCount "76"]
[EventDate "2019.??.??"]
[WhiteTeam "SV Wattenscheid 1"]
[BlackTeam "SG Porz 1"]

1. e4 e5 2. Nf3 Nc6 3. d4 exd4 4. Nxd4 Nf6 5. Nxc6 bxc6 6. e5 Qe7 7. Qe2 Nd5 8.
c4 Nb6 9. Nc3 Qe6 10. Qe4 g6 11. f4 Bb4 12. Bd2 O-O 13. O-O-O Rb8 14. f5 Qxf5
15. Qxf5 gxf5 16. Bh6 Re8 17. Rd3 Re6 18. Bf4 d6 19. exd6 Bxd6 20. Bxd6 cxd6
21. c5 dxc5 22. Rd8+ Kg7 23. Bd3 Re5 24. Rf1 Ra8 25. Rf4 Nd5 26. Ra4 a5 27. Rh4
Nxc3 28. bxc3 Rd5 29. Rxd5 cxd5 30. Rh5 Kf6 31. g4 fxg4 32. Rxd5 c4 33. Be4 Ra7
34. Bxh7 Re7 35. Rc5 Bd7 36. Rc7 Bb5 37. Rc8 Re2 38. Bc2 Rxh2 0-1

[Event "SG Porz 1 - SV Wattenscheid 1"]
[Site "Oberliga NRW 2018/2019"]
[Date "2019.05.12"]
[Round "9"]
[White "Lutz, Christopher"]
[Black "Franke, Johannes"]
[Result "1/2-1/2"]
[WhiteElo "2537"]
[BlackElo "2305"]
[PlyCount "69"]
[EventDate "2019.??.??"]
[WhiteTeam "SG Porz 1"]
[BlackTeam "SV Wattenscheid 1"]

1. e4 c6 2. d4 d5 3. Nc3 dxe4 4. Nxe4 Nf6 5. Nxf6+ gxf6 6. c3 h5 7. Bc4 Nd7 8.
Qb3 Rh7 9. Qc2 Rh8 10. Ne2 Nb6 11. Bb3 Bh6 12. Bxh6 Rxh6 13. O-O h4 14. Rae1
Qc7 15. Qe4 Bd7 16. Nf4 e6 17. Qe3 Rh8 18. Nd3 O-O-O 19. f4 f5 20. c4 Kb8 21.
a4 Bc8 22. Ne5 Rh7 23. Rd1 f6 24. Nd3 Nd7 25. c5 Nf8 26. Bc2 Rhd7 27. Nf2 Ng6
28. Nh3 Qa5 29. Qc3 Qc7 30. b4 Rg7 31. Qe3 Rdg8 32. Bb3 Re8 33. Rd2 Rge7 34.
Qf2 e5 35. dxe5 1/2-1/2

[Event "SG Porz 1 - SV Wattenscheid 1"]
[Site "Oberliga NRW 2018/2019"]
[Date "2019.05.12"]
[Round "9"]
[White "Straeter, Timo"]
[Black "Rotstein, Arkadij"]
[Result "1/2-1/2"]
[WhiteElo "2335"]
[BlackElo "2452"]
[PlyCount "109"]
[EventDate "2019.??.??"]
[WhiteTeam "SV Wattenscheid 1"]
[BlackTeam "SG Porz 1"]

1. d4 Nf6 2. Nf3 g6 3. Bg5 Bg7 4. Nbd2 h6 5. Bh4 c5 6. Bxf6 Bxf6 7. Ne4 Qb6 8.
Nxf6+ Qxf6 9. c3 cxd4 10. Qxd4 Qxd4 11. cxd4 Nc6 12. Rc1 d6 13. e3 Be6 14. Bb5
O-O 15. Bxc6 bxc6 16. Rxc6 Bxa2 17. Kd2 Rab8 18. Kc1 Bd5 19. Rc7 Rfc8 20. Rxc8+
Rxc8+ 21. Kd2 Rb8 22. Kc3 Rb3+ 23. Kc2 Rb7 24. Ra1 Be4+ 25. Kc1 Rc7+ 26. Kd1
Rb7 27. Kc1 Bxf3 28. gxf3 Kg7 29. Ra5 Kf6 30. Kc2 e6 31. e4 e5 32. Rd5 Ke6 33.
dxe5 dxe5 34. Ra5 Kf6 35. h4 h5 36. Ra6+ Kg7 37. Ra5 Re7 38. Kd3 Rb7 39. Kc3
Rc7+ 40. Kd2 Rd7+ 41. Ke2 Rb7 42. Kf1 Kf6 43. Kg2 Ke6 44. Ra6+ Kd7 45. Ra5 Kc6
46. b4 Re7 47. Kg3 Kb6 48. Rd5 a6 49. Rc5 Re6 50. Rd5 f6 51. f4 exf4+ 52. Kxf4
Rc6 53. f3 Kc7 54. b5 axb5 55. Rxb5 1/2-1/2

[Event "SG Porz 1 - SV Wattenscheid 1"]
[Site "Oberliga NRW 2018/2019"]
[Date "2019.05.12"]
[Round "9"]
[White "Xu, Xianliang"]
[Black "Wengenroth, Walter"]
[Result "1/2-1/2"]
[WhiteElo "2424"]
[BlackElo "2281"]
[PlyCount "118"]
[EventDate "2019.??.??"]
[WhiteTeam "SG Porz 1"]
[BlackTeam "SV Wattenscheid 1"]

1. e4 c5 2. Nf3 e6 3. b4 cxb4 4. d4 Nf6 5. Bd3 d5 6. Nbd2 dxe4 7. Nxe4 Be7 8.
a3 Nxe4 9. Bxe4 Nd7 10. O-O Nf6 11. Bd3 bxa3 12. Bxa3 Bxa3 13. Rxa3 O-O 14. c4
Bd7 15. Ne5 Bc6 16. Qd2 Qd6 17. Qc3 Rfd8 18. Rd1 Ne4 {(=)} 19. Qa1 Qxd4 20.
Qxd4 Rxd4 21. Nxc6 bxc6 22. f3 Rad8 23. fxe4 Rxc4 24. Bxc4 Rxd1+ 25. Kf2 Rd7
26. Ke3 c5 27. Rb3 g6 28. Rb8+ Kg7 29. Rc8 Rd1 30. Rxc5 Rc1 31. Rc7 Kf8 32.
Rc8+ Kg7 33. Bxe6 Re1+ 34. Kf2 Rxe4 35. Bc4 Re7 36. Rc5 h5 37. Ra5 Kf6 38. Kf3
Rc7 39. Bd3 Re7 40. Kf4 Kg7 41. Be4 Kf8 42. h4 Kg7 43. Rb5 Kh6 44. Bf3 Kg7 45.
Kg5 Rc7 46. Rd5 Re7 47. Rd8 Rc7 48. Re8 Rd7 49. Kf4 Rd4+ 50. Re4 Rxe4+ 51. Kxe4
f6 52. Bd1 a5 53. Kd5 Kh6 54. Ke6 g5 55. Kxf6 gxh4 56. Bc2 h3 57. gxh3 a4 58.
h4 a3 59. Bb1 a2 1/2-1/2

[Event "SG Porz 1 - SV Wattenscheid 1"]
[Site "Oberliga NRW 2018/2019"]
[Date "2019.05.12"]
[Round "9"]
[White "Sandkamp, Ralph"]
[Black "Korotkjevich, Stanislav"]
[Result "1/2-1/2"]
[WhiteElo "2244"]
[BlackElo "2380"]
[PlyCount "111"]
[EventDate "2019.??.??"]
[WhiteTeam "SV Wattenscheid 1"]
[BlackTeam "SG Porz 1"]

1. Nf3 d6 2. d4 g6 3. g3 Bg7 4. Bg2 Nd7 5. O-O e5 6. dxe5 dxe5 7. e4 Ne7 8. b3
O-O 9. Bb2 Re8 10. Re1 Nc6 11. Nc3 b6 12. Qd2 Bb7 13. Rad1 Nc5 14. Qxd8 Raxd8
15. Nd5 Ne6 16. c3 Nb8 17. Ba3 Rd7 18. Nd2 Red8 19. Nc4 f6 20. Be7 c6 21. Bh3
Kf7 22. Bxd8 cxd5 23. exd5 Nxd8 24. Bxd7 Nxd7 25. Nd6+ Ke7 26. Nxb7 Nxb7 27. c4
Nd6 28. f3 Bh6 29. Kf2 a5 30. Re2 Nc5 31. Rc2 Nf5 32. Rc3 Nd4 33. Ke1 Kd6 34.
Rb1 b5 35. cxb5 Nxb5 36. Rc4 Na3 37. Rd1 Nxc4 38. bxc4 Be3 39. Rb1 Nd7 40. Rb5
Bb6 41. Ke2 f5 42. c5+ Bxc5 43. Rxa5 Kxd5 44. Ra8 e4 45. a4 g5 46. Rg8 exf3+
47. Kxf3 Ne5+ 48. Kg2 h6 49. a5 f4 50. gxf4 gxf4 51. a6 f3+ 52. Kg3 f2 53. Kg2
Nf3 54. Rf8 Nxh2 55. a7 Bxa7 56. Kxh2 1/2-1/2

[Event "SG Porz 1 - SV Wattenscheid 1"]
[Site "Oberliga NRW 2018/2019"]
[Date "2019.05.12"]
[Round "9"]
[White "Malykin, Vitaly"]
[Black "Kähmann, Jörg"]
[Result "1/2-1/2"]
[WhiteElo "2359"]
[BlackElo "2169"]
[PlyCount "58"]
[EventDate "2019.??.??"]
[WhiteTeam "SG Porz 1"]
[BlackTeam "SV Wattenscheid 1"]

1. Nf3 d6 2. d4 g6 3. e4 Bg7 4. Bc4 Nf6 5. Qe2 O-O 6. e5 dxe5 7. dxe5 Nd5 8. h3
c6 9. O-O Qc7 10. Re1 Nd7 11. Nc3 N7b6 12. Nxd5 Nxd5 13. Qe4 Bf5 14. Qh4 Rad8
15. Bh6 f6 16. Bxg7 Kxg7 17. exf6+ exf6 18. Nd4 Bc8 19. c3 Rf7 20. Rad1 Re7 21.
Rxe7+ Qxe7 22. Nf3 Be6 23. Re1 Qd7 24. Qd4 a6 25. Ng5 Bg8 26. Ne4 Qe7 27. Rd1
Re8 28. Ng3 Qe5 29. Qxe5 Rxe5 1/2-1/2

[Event "SG Porz 1 - SV Wattenscheid 1"]
[Site "Oberliga NRW 2018/2019"]
[Date "2019.05.12"]
[Round "9"]
[White "Hirsch, Stefan"]
[Black "Pauly, Carlo"]
[Result "0-1"]
[WhiteElo "2185"]
[BlackElo "2256"]
[PlyCount "64"]
[EventDate "2019.??.??"]
[WhiteTeam "SV Wattenscheid 1"]
[BlackTeam "SG Porz 1"]

1. e4 c5 2. Nf3 d6 3. Bb5+ Nd7 4. O-O a6 5. Bd3 Ngf6 6. Re1 e6 7. c4 Ne5 8. Qe2
Be7 9. b3 Nxf3+ 10. Qxf3 O-O 11. Bb2 e5 12. Nc3 Rb8 13. h3 Be6 14. Kh2 Ne8 15.
Qe2 g6 16. Rf1 Ng7 17. Nd5 Bxd5 18. exd5 Bg5 19. g3 f5 20. f4 exf4 21. gxf4 Bf6
22. Bc3 Re8 23. Qf3 Bxc3 24. dxc3 Qf6 25. Bc2 Re7 26. Rae1 Rbe8 27. Rxe7 Qxe7
28. Kg2 Qe3 29. Qxe3 Rxe3 30. Rf3 Re1 31. Rf2 Nh5 32. a4 Re3 0-1

[Event "SG Porz 1 - SV Wattenscheid 1"]
[Site "Oberliga NRW 2018/2019"]
[Date "2019.05.12"]
[Round "9"]
[White "Wagenknecht, Uwe"]
[Black "Schröder, Wilfried"]
[Result "0-1"]
[WhiteElo "2185"]
[BlackElo "2179"]
[PlyCount "74"]
[EventDate "2019.??.??"]
[WhiteTeam "SG Porz 1"]
[BlackTeam "SV Wattenscheid 1"]

1. c4 e6 2. Nf3 d5 3. g3 Nf6 4. Bg2 dxc4 5. Qa4+ c6 6. Qxc4 b5 7. Qc2 Bb7 8. d4
Nbd7 9. Nc3 c5 10. O-O b4 11. Na4 Rc8 12. Nxc5 Nxc5 13. dxc5 Bxc5 14. Qa4+ Bc6
15. Qa6 O-O 16. Bg5 h6 17. Rad1 Qe7 18. Bxf6 Qxf6 19. Rd2 Bb6 20. Ne1 Qg5 21.
Rc2 Qb5 22. Qxb5 Bxb5 23. Rd2 Rfd8 24. Nd3 Rd4 25. b3 e5 26. Rb2 e4 27. Ne5 f6
28. Bh3 Re8 29. Nc4 Bxc4 30. bxc4 e3 31. f4 Rd2 32. Rxb4 Rxe2 33. c5 Bxc5 34.
Rc4 Bb6 35. Bd7 Rd2 36. Bxe8 e2+ 37. Kg2 e1=Q+ 0-1

[Event "SK Königsspringer Iserlohn 1 - SVG Ple"]
[Site "NRW-Klasse - Gruppe 2 2018/20"]
[Date "2018.09.16"]
[Round "1.1"]
[White "Haub, Thorsten Michael"]
[Black "Scheider, Julian"]
[Result "1/2-1/2"]
[WhiteElo "2439"]
[BlackElo "2320"]
[PlyCount "83"]
[EventDate "2018.??.??"]
[WhiteTeam "SVG Plettenberg 1"]
[BlackTeam "SK Königsspringer Iserlohn 1"]

1. g3 e5 2. Bg2 d5 3. d3 Nf6 4. Nf3 Bd6 5. O-O O-O 6. Nc3 c6 7. e4 dxe4 8. Nxe4
Nxe4 9. dxe4 Qe7 10. Qe2 Nd7 11. Rd1 Nf6 12. Nh4 Rd8 13. Nf5 Bxf5 14. exf5 Bc5
15. Bg5 h6 16. Bh4 Bb6 17. c3 Rxd1+ 18. Rxd1 Rd8 19. Rxd8+ Qxd8 20. g4 Qd6 21.
Bg3 Bc7 22. h4 Nd5 23. g5 hxg5 24. hxg5 Nf4 25. Bxf4 exf4 26. Qe8+ Qf8 27. Qe4
Qd6 28. Qe8+ Qf8 29. Qd7 Qd8 30. Qxd8+ Bxd8 31. g6 Kf8 32. Kf1 Ke7 33. Be4 fxg6
34. fxg6 Kd6 35. Ke2 Ke5 36. f3 Bb6 37. Kd3 Bf2 38. b4 Be1 39. a3 Kd6 40. a4 b6
41. Bf5 a5 42. bxa5 1/2-1/2

[Event "SK Königsspringer Iserlohn 1 - SVG Ple"]
[Site "NRW-Klasse - Gruppe 2 2018/20"]
[Date "2018.09.16"]
[Round "1.2"]
[White "Eckardt, Joshua"]
[Black "Bosch, Jeroen"]
[Result "0-1"]
[WhiteElo "2251"]
[BlackElo "2397"]
[PlyCount "84"]
[EventDate "2018.??.??"]
[WhiteTeam "SK Königsspringer Iserlohn 1"]
[BlackTeam "SVG Plettenberg 1"]

1. d4 e6 2. c4 f5 3. Nf3 Nf6 4. g3 Bb4+ 5. Bd2 Be7 6. Nc3 O-O 7. Bg2 d6 8. O-O
Qe8 9. Qc2 Qh5 10. e4 e5 11. dxe5 dxe5 12. Nd5 Nxd5 13. cxd5 Bd6 14. Rfe1 h6
15. b4 a5 16. exf5 Bxf5 17. Qb2 Nd7 18. Nh4 Bh7 19. Bh3 Rad8 20. Bc3 axb4 21.
Bxb4 Nc5 22. Qe2 Qxe2 23. Rxe2 b6 24. Ng2 Ra8 25. Ne3 Nb3 26. Bxd6 cxd6 27. Rd1
Nd4 28. Rb2 b5 29. Rc1 Ra7 30. Be6+ Kh8 31. Bg4 g5 32. Be2 Rb8 33. Bd1 Be4 34.
Rc3 Rba8 35. Bb3 Kg7 36. h3 h5 37. Kf1 h4 38. gxh4 gxh4 39. Rc1 Rf8 40. Bc2 Rc7
41. Ke1 Kh6 42. Kd1 Nxc2 0-1

[Event "SK Königsspringer Iserlohn 1 - SVG Ple"]
[Site "NRW-Klasse - Gruppe 2 2018/20"]
[Date "2018.09.16"]
[Round "1.3"]
[White "Browning, Alex"]
[Black "Schmitz, Philipp"]
[Result "1/2-1/2"]
[WhiteElo "2149"]
[BlackElo "2183"]
[PlyCount "34"]
[EventDate "2018.??.??"]
[WhiteTeam "SVG Plettenberg 1"]
[BlackTeam "SK Königsspringer Iserlohn 1"]

1. e4 c5 2. Nf3 d6 3. d4 cxd4 4. Nxd4 Nf6 5. Nc3 a6 6. h3 e6 7. g4 Be7 8. g5
Nfd7 9. h4 b5 10. a3 Bb7 11. Be3 Nc6 12. Qd2 O-O 13. O-O-O Nxd4 14. Bxd4 Rc8
15. Rg1 Qa5 16. Kb1 Rfe8 17. f3 Rc7 1/2-1/2